000
00323nam a22001457a 4500
008
210310b ||||| |||| 00| 0 eng d
020
_a
9780534621094
041
_a
eng
080
_2
5th
_a
37
082
_a
37
100
_a
25
101
_a
EDU
245
_a
Research Methods for Social Work
_c
Rubin, A
942
_2
udc
_c
BK
999
_c
56146
_d
56146